书目信息 |
| 题名: |
煤炭与政治
|
|
| 作者: | 王守谦 著 | |
| 分册: | ||
| 出版信息: | 北京 社会科学文献出版社 2009 |
|
| 页数: | 457页 | |
| 开本: | 23cm | |
| 丛书名: | 社会史研究文库 | |
| 单 册: | ||
| 中图分类: | F426.21 | |
| 科图分类: | ||
| 主题词: | 煤矿--外资公司--案件--研究--河南省--民国 , 煤矿 , 外资公司 | |
| 电子资源: | ||
| ISBN: | 978-7-5097-0811-8 | |
| 000 | 01184nam0 2200337 450 | |
| 000 | 01147nam0 2200325 450 | |
| 000 | 01204oam2 2200325 450 | |
| 001 | 004174469 | |
| 005 | 20150323082003.92 | |
| 010 | @a978-7-5097-0811-8@dCNY49.00 | |
| 100 | @a20090608d2009 em y0chiy50 ea | |
| 101 | 0 | @achi |
| 102 | @aCN@b110000 | |
| 105 | @ay z 000yy | |
| 106 | @ar | |
| 200 | 1 | @a煤炭与政治@9mei tan yu zheng zhi@dCoal and politics@e晚清民国福公司矿案研究@f王守谦著@zeng |
| 210 | @a北京@c社会科学文献出版社@d2009 | |
| 215 | @a457页@d23cm | |
| 225 | 2 | @a社会史研究文库 |
| 330 | @a本书对晚清民国绵延40余年之久的福公司矿案进行了梳理与描述,并对福公司矿案衍生的各种纷争以及纷争背后的各方动因与面相详加论述。 | |
| 461 | 0 | @12001 @a社会史研究文库 |
| 510 | 1 | @aCoal and politics@zeng |
| 517 | 1 | @a晚清民国福公司矿案研究@9wan qing min guo fu gong si kuang an yan jiu |
| 606 | 0 | @a煤矿@x外资公司@x案件@x研究@y河南省@z民国 |
| 606 | 0 | @a煤矿 |
| 606 | 0 | @a外资公司 |
| 690 | @aF426.21@v4 | |
| 701 | 0 | @a王守谦@9wang shou qian@f(1971~)@4著 |
| 801 | 0 | @aCN@b91MARC@c20130904 |
| 905 | @b0847810@dF426.21@e139@f1 | |
| 煤炭与政治=Coal and politics:晚清民国福公司矿案研究/王守谦著.-北京:社会科学文献出版社,2009 |
| 457页;23cm.-(社会史研究文库) |
| ISBN 978-7-5097-0811-8:CNY49.00 |
| 本书对晚清民国绵延40余年之久的福公司矿案进行了梳理与描述,并对福公司矿案衍生的各种纷争以及纷争背后的各方动因与面相详加论述。 |
| ● |
| 相关链接 |
|
|
|
|
正题名:煤炭与政治
索取号:F426.21/139
 
预约/预借
| 序号 | 登录号 | 条形码 | 馆藏地/架位号 | 状态 | 备注 |
| 1 | 0847810 | 208478100 | 地方文献典藏中心/ [索取号:F426.21/139] | 在馆 |